000 00313nam a2200133 i 4500
001 bg
100 1 _aTATARKIEWICZ, J.
245 0 _aInformacja techniczno-handlowa /
_cJ. Tatarkiewicz.
260 _aWarszawa,
_c1978.
040 _cBPK
041 _apol
942 _cKS
008 s pl f |000 0 pol
999 _c9424
_d9424
856 _uhttp://koha.tu.koszalin.pl/cgi-bin/koha/opac-detail.pl?biblionumber=9424
_yKatalog online BPK